[Event "FICGS rapid M 000124 email"]
[Site "FICGS email"]
[Date "2021.05.27"]
[Round "1"]
[White "Duttagupta, Aniruddha"]
[Black "Kasznia, Ireneusz"]
[Result "1-0"]
[WhiteElo "2184"]
[BlackElo "2247"]
[PlyCount "23"]
[EventDate "2021.??.??"]
[EventType "tourn (rapid)"]
[EventRounds "6"]
[SourceTitle "Corr 2022"]
[Source "ChessBase"]
[SourceDate "2021.10.24"]
[SourceVersion "1"]
[SourceVersionDate "2021.10.24"]
[SourceQuality "1"]

1. b3 d6 2. e3 e5 3. Bb2 g6 4. d4 Nd7 5. dxe5 dxe5 6. Nf3 Bb4+ 7. Nc3 c6 8. a3 Ba5 9. Nd2 Bc7 10. Nde4 Ngf6 11. Nd6+ Ke7 12. Nxc8+ 1-0

[Event "FICGS rapid M 000124 email"]
[Site "FICGS email"]
[Date "2021.05.27"]
[Round "1"]
[White "Kasznia, Ireneusz"]
[Black "Hallqvist, Niklas"]
[Result "0-1"]
[WhiteElo "2247"]
[BlackElo "2174"]
[PlyCount "36"]
[EventDate "2021.??.??"]
[EventType "tourn (rapid)"]
[EventRounds "6"]
[SourceTitle "Corr 2022"]
[Source "ChessBase"]
[SourceDate "2021.10.24"]
[SourceVersion "1"]
[SourceVersionDate "2021.10.24"]
[SourceQuality "1"]

1. Nf3 c5 2. g3 g6 3. Bg2 Nc6 4. 0-0 Bg7 5. d3 Nf6 6. c4 0-0 7. Nc3 d6 8. a3 Rb8 9. Bd2 a6 10. Rb1 b5 11. cxb5 axb5 12. b4 cxb4 13. axb4 Qc7 14. Rc1 Bd7 15. Qb3 Be6 16. Qb1 Qd7 17. Ng5 Bf5 18. Nxb5 Nxb4 0-1

[Event "FICGS rapid M 000124 email"]
[Site "FICGS email"]
[Date "2021.05.27"]
[Round "1"]
[White "Kasznia, Ireneusz"]
[Black "Maceda, Coco"]
[Result "0-1"]
[WhiteElo "2247"]
[BlackElo "2187"]
[PlyCount "46"]
[EventDate "2021.??.??"]
[EventType "tourn (rapid)"]
[EventRounds "6"]
[SourceTitle "Corr 2022"]
[Source "ChessBase"]
[SourceDate "2021.10.24"]
[SourceVersion "1"]
[SourceVersionDate "2021.10.24"]
[SourceQuality "1"]

1. Nf3 d5 2. g3 Nf6 3. Bg2 c6 4. 0-0 Bf5 5. d3 e6 6. Nbd2 Be7 7. Nh4 Bg4 8. h3 Bh5 9. g4 Bg6 10. e4 Nbd7 11. f4 Bc5+ 12. Kh1 dxe4 13. Qe1 Be7 14. Nxg6 hxg6 15. g5 Nh5 16. Nxe4 Nb6 17. Qf2 Bd6 18. Nxd6+ Qxd6 19. Bd2 Rd8 20. Rae1 Nd5 21. Bf3 c5 22. b3 0-0 23. Bg4 b5 0-1

[Event "FICGS class M 000092 email"]
[Site "FICGS email"]
[Date "2020.11.21"]
[Round "1"]
[White "Schroeder, Christoph"]
[Black "Kasznia, Ireneusz"]
[Result "1/2-1/2"]
[WhiteElo "2258"]
[BlackElo "2223"]
[PlyCount "73"]
[EventDate "2020.??.??"]
[EventType "tourn (corr)"]
[EventRounds "6"]
[SourceTitle "Corr 2022"]
[Source "ChessBase"]
[SourceDate "2021.10.24"]
[SourceVersion "1"]
[SourceVersionDate "2021.10.24"]
[SourceQuality "1"]

1. e4 d6 2. d4 Nf6 3. Nc3 g6 4. Nf3 Bg7 5. Be3 c6 6. Qd2 0-0 7. Bh6 b5 8. Bd3 Nbd7 9. Bxg7 Kxg7 10. a4 b4 11. Ne2 a5 12. Ng3 h6 13. h4 e6 14. c3 c5 15. h5 g5 16. 0-0 Ba6 17. Bxa6 Rxa6 18. Rfd1 bxc3 19. bxc3 cxd4 20. cxd4 d5 21. e5 Ng8 22. Rdb1 Qc7 23. Rc1 Qd8 24. Nf1 Qa8 25. Ne3 Rc8 26. Rxc8 Qxc8 27. Rb1 Ne7 28. Rb5 Qa8 29. Kh2 Qd8 30. g3 Ra8 31. Kh3 Ra7 32. Nh2 Qc7 33. Nhg4 Ng8 34. Qb2 Qd8 35. Qc3 Ne7 36. Qd2 Ng8 37. Qc3 1/2-1/2

[Event "FICGS class M 000089 email"]
[Site "FICGS email"]
[Date "2020.04.21"]
[Round "1"]
[White "Kasznia, Ireneusz"]
[Black "Sorbi, Luca"]
[Result "1-0"]
[WhiteElo "2228"]
[BlackElo "2278"]
[PlyCount "117"]
[EventDate "2020.??.??"]
[EventType "tourn (corr)"]
[EventRounds "6"]
[SourceTitle "Corr 2022"]
[Source "ChessBase"]
[SourceDate "2021.10.24"]
[SourceVersion "1"]
[SourceVersionDate "2021.10.24"]
[SourceQuality "1"]

1. Nf3 Nf6 2. g3 g6 3. Bg2 Bg7 4. 0-0 0-0 5. c4 d6 6. d4 Nbd7 7. Nc3 e5 8. e4 c6 9. h3 Qb6 10. c5 dxc5 11. dxe5 Ne8 12. Na4 Qa6 13. e6 fxe6 14. Ng5 b5 15. Nc3 Ne5 16. f4 Nf7 17. Nf3 e5 18. Be3 c4 19. Bc5 exf4 20. gxf4 b4 21. Ne2 Bxb2 22. Rb1 c3 23. Bxf8 Kxf8 24. f5 Kg8 25. Kh1 Qxa2 26. Nfd4 Qc4 27. Qe1 Ng7 28. Qg3 g5 29. e5 Bxf5 30. Nxf5 Qxe2 31. Nxg7 Qxe5 32. Qf3 Qxg7 33. Qxc6 Rd8 34. Qc4 c2 35. Qxc2 Bc3 36. Rbd1 Nd6 37. Rd5 Qe7 38. Qd3 Bg7 39. Rd1 Bf8 40. Qb3 Kh8 41. Qxb4 h6 42. R5d3 Qe5 43. Rd5 Qf6 44. Qa4 Qe7 45. Qa5 Rd7 46. Re1 Qf6 47. Rf1 Qg7 48. Qa4 Rf7 49. Rxf7 Nxf7 50. Qa6 g4 51. Rd7 gxh3 52. Be4 h5 53. Qe2 Qf6 54. Rd1 Ng5 55. Rf1 Nxe4 56. Qxh5+ Kg8 57. Qd5+ Kg7 58. Rxf6 Nxf6 59. Qb7+ 1-0

[Event "FICGS class M 000089 email"]
[Site "FICGS email"]
[Date "2020.04.21"]
[Round "1"]
[White "Werner, Frank Karl"]
[Black "Kasznia, Ireneusz"]
[Result "1/2-1/2"]
[WhiteElo "2213"]
[BlackElo "2228"]
[PlyCount "85"]
[EventDate "2020.??.??"]
[EventType "tourn (corr)"]
[EventRounds "6"]
[SourceTitle "Corr 2022"]
[Source "ChessBase"]
[SourceDate "2021.10.24"]
[SourceVersion "1"]
[SourceVersionDate "2021.10.24"]
[SourceQuality "1"]

1. c4 g6 2. d4 Nf6 3. Nc3 Bg7 4. e4 d6 5. h3 0-0 6. Be3 c5 7. Nf3 cxd4 8. Nxd4 a6 9. Be2 Nc6 10. 0-0 Nxd4 11. Bxd4 Bd7 12. Nd5 Bc6 13. Qd3 b5 14. Nxf6+ exf6 15. b3 bxc4 16. bxc4 Re8 17. f3 Bh6 18. Bf2 Qa5 19. Rfd1 Bf4 20. Be3 Bg3 21. Bd4 Qg5 22. Be3 Qa5 23. Bd4 Kg7 24. Rac1 Bf4 25. Be3 Bg3 26. Rc3 Qxa2 27. Ra3 Qb2 28. Rb1 Qe5 29. Rb6 Rec8 30. Raxa6 Rxa6 31. Rxa6 h5 32. Bf1 Qe7 33. Ra7 Qd8 34. Qd2 h4 35. Ra6 Qc7 36. Bd4 Qd7 37. Ra7 Qe8 38. Qb2 Qd8 39. Ra6 Rc7 40. Qd2 Qe7 41. Qa5 Rc8 42. Qg5 Qd8 43. Qd2 1/2-1/2

[Event "FICGS class M 000087 email"]
[Site "FICGS email"]
[Date "2020.01.03"]
[Round "1"]
[White "Lubas, Jozef"]
[Black "Kasznia, Ireneusz"]
[Result "1/2-1/2"]
[WhiteElo "2225"]
[BlackElo "2202"]
[PlyCount "112"]
[EventDate "2020.??.??"]
[EventType "tourn (corr)"]
[EventRounds "6"]
[SourceTitle "Corr 2022"]
[Source "ChessBase"]
[SourceDate "2021.10.24"]
[SourceVersion "1"]
[SourceVersionDate "2021.10.24"]
[SourceQuality "1"]

1. e4 d6 2. d4 g6 3. Nc3 Bg7 4. f4 Nd7 5. Nf3 a6 6. a4 e6 7. e5 Ne7 8. Ne4 d5 9. Ng3 c5 10. c3 cxd4 11. cxd4 Nb8 12. Bd3 Bd7 13. Bd2 Nbc6 14. 0-0 Qb6 15. a5 Qa7 16. Bc3 b6 17. b4 0-0 18. Qd2 Qb7 19. axb6 Qxb6 20. Ne2 Rfb8 21. Rfb1 Na7 22. Rxa6 Qb7 23. Rba1 Nb5 24. Rxa8 Rxa8 25. Rxa8+ Qxa8 26. Qb2 Bf8 27. Ne1 Nc7 28. Bd2 Bb5 29. Nc3 Bxd3 30. Nxd3 Qc6 31. Nc5 Nb5 32. Nxb5 Qxb5 33. Kf2 Nc6 34. Qc3 Be7 35. g3 Bd8 36. Nb3 Kg7 37. Nc5 Kf8 38. Nd7+ Ke7 39. Qc5+ Qxc5 40. Nxc5 Nxd4 41. Ke3 Nb5 42. Kd3 Bc7 43. Nb3 g5 44. Be3 g4 45. Nc5 Na3 46. Nb3 Kd7 47. Nd4 Bd8 48. Bg1 Bb6 49. Nf3 Bd8 50. Ne1 Be7 51. Kc3 Nb1+ 52. Kb2 Nd2 53. Kc3 Ne4+ 54. Kb3 Kc6 55. Be3 Bd8 56. Nc2 Kb7 1/2-1/2

[Event "FICGS W-ch st2 g02 email"]
[Site "FICGS email"]
[Date "2019.08.03"]
[Round "1"]
[White "D Agostino, Gabriele"]
[Black "Kasznia, Ireneusz"]
[Result "1-0"]
[WhiteElo "2271"]
[BlackElo "2183"]
[PlyCount "105"]
[EventDate "2019.??.??"]
[EventType "tourn (corr)"]
[EventRounds "8"]
[SourceTitle "Corr 2022"]
[Source "ChessBase"]
[SourceDate "2021.10.24"]
[SourceVersion "1"]
[SourceVersionDate "2021.10.24"]
[SourceQuality "1"]

1. e4 d6 2. d4 g6 3. Nc3 Bg7 4. Be3 Nf6 5. Qd2 0-0 6. 0-0-0 c6 7. f3 b5 8. Kb1 h5 9. h4 Nbd7 10. g4 e5 11. Bg5 exd4 12. Nce2 hxg4 13. h5 Qe8 14. Nxd4 Nxh5 15. fxg4 Ng3 16. Nxc6 f6 17. Qxd6 Nxh1 18. Ne7+ Qxe7 19. Qxe7 fxg5 20. Bxb5 Ne5 21. Nh3 a6 22. Ba4 Ng3 23. Nxg5 Bxg4 24. Rg1 Kh8 25. a3 Nh5 26. Bb3 Rae8 27. Qa7 Ra8 28. Qb7 Rae8 29. Qxa6 Bf6 30. Nf7+ Nxf7 31. Rxg4 Kg7 32. a4 g5 33. Rg1 Rxe4 34. a5 Re7 35. Qb5 Nf4 36. c3 Re5 37. Qa4 Re7 38. a6 Ra8 39. Qb5 Raa7 40. Rh1 Ng6 41. Qb6 Be5 42. Bc2 Nf8 43. c4 Ra8 44. Be4 Rb8 45. Bb7 Nd6 46. Re1 Rexb7 47. axb7 Rxb7 48. Qa6 Rxb2+ 49. Kc1 Nd7 50. Rxe5 Nxe5 51. Kxb2 Nexc4+ 52. Kc3 g4 53. Kd4 1-0

[Event "FICGS rapid M 000104 email"]
[Site "FICGS email"]
[Date "2019.04.21"]
[Round "1"]
[White "Cirulis, Ilmars"]
[Black "Kasznia, Ireneusz"]
[Result "1/2-1/2"]
[WhiteElo "2188"]
[BlackElo "2145"]
[PlyCount "53"]
[EventDate "2019.??.??"]
[EventType "tourn (rapid)"]
[EventRounds "6"]
[SourceTitle "Corr 2022"]
[Source "ChessBase"]
[SourceDate "2021.10.24"]
[SourceVersion "1"]
[SourceVersionDate "2021.10.24"]
[SourceQuality "1"]

1. c4 Nf6 2. Nf3 b6 3. g3 Bb7 4. Bg2 e6 5. 0-0 Be7 6. d4 0-0 7. Nc3 Ne4 8. Bd2 d5 9. cxd5 exd5 10. Qb3 Nxc3 11. bxc3 Bf6 12. Bf4 Nc6 13. Qc2 Re8 14. Rfe1 h6 15. Rad1 Na5 16. h4 Qd7 17. Nd2 Bc6 18. e4 dxe4 19. Bxe4 Bxe4 20. Rxe4 Rxe4 21. Nxe4 Be7 22. c4 Qc6 23. d5 Qxc4 24. Qxc4 Nxc4 25. Bxc7 Rc8 26. d6 Bd8 27. Bxd8 1/2-1/2

[Event "FICGS rapid M 000104 email"]
[Site "FICGS email"]
[Date "2019.04.21"]
[Round "1"]
[White "Kasznia, Ireneusz"]
[Black "Farnik, Kym"]
[Result "1/2-1/2"]
[WhiteElo "2145"]
[BlackElo "2117"]
[PlyCount "48"]
[EventDate "2019.??.??"]
[EventType "tourn (rapid)"]
[EventRounds "6"]
[SourceTitle "Corr 2022"]
[Source "ChessBase"]
[SourceDate "2021.10.24"]
[SourceVersion "1"]
[SourceVersionDate "2021.10.24"]
[SourceQuality "1"]

1. Nf3 Nf6 2. g3 d5 3. Bg2 c5 4. 0-0 e6 5. d4 cxd4 6. Nxd4 e5 7. Nb3 Be6 8. Bg5 Nbd7 9. Nc3 Be7 10. f4 exf4 11. gxf4 h6 12. Bxf6 Nxf6 13. f5 Bd7 14. Nxd5 0-0 15. Nxe7+ Qxe7 16. Qd3 Rfe8 17. Nd4 Qc5 18. c3 Bc6 19. Qg3 Qb6 20. Kh1 Bxg2+ 21. Qxg2 Re4 22. Rg1 Rg4 23. Qf3 Qxb2 24. Rxg4 Qxa1+ 1/2-1/2

[Event "FICGS rapid M 000104 email"]
[Site "FICGS email"]
[Date "2019.04.21"]
[Round "1"]
[White "Lubas, Jozef"]
[Black "Kasznia, Ireneusz"]
[Result "1/2-1/2"]
[WhiteElo "2137"]
[BlackElo "2145"]
[PlyCount "110"]
[EventDate "2019.??.??"]
[EventType "tourn (rapid)"]
[EventRounds "6"]
[SourceTitle "Corr 2022"]
[Source "ChessBase"]
[SourceDate "2021.10.24"]
[SourceVersion "1"]
[SourceVersionDate "2021.10.24"]
[SourceQuality "1"]

1. d4 Nf6 2. c4 g6 3. Nc3 Bg7 4. e4 d6 5. Nf3 0-0 6. h3 e5 7. d5 Nh5 8. g3 Na6 9. Be3 f5 10. exf5 gxf5 11. Ng5 Nf6 12. Qd2 Qe7 13. 0-0-0 h6 14. Nf3 Nc5 15. Bxc5 dxc5 16. Re1 e4 17. Nh4 Qf7 18. Rg1 Ne8 19. g4 fxg4 20. Nxe4 Nd6 21. Bd3 Nxe4 22. Rxe4 Bd7 23. hxg4 Qxf2 24. Qxf2 Rxf2 25. Re7 Rd8 26. Rge1 Bxg4 27. Rxc7 Rd7 28. Rxd7 Bxd7 29. Re7 Bg4 30. d6 Rh2 31. Bf5 Rxh4 32. Bxg4 Rxg4 33. d7 Rxc4+ 34. Kb1 Rd4 35. Re8+ Kh7 36. d8Q Rxd8 37. Rxd8 h5 38. Rd7 Kg6 39. Rxb7 h4 40. Rxa7 h3 41. Ra3 h2 42. Rh3 Be5 43. Kc2 Kf5 44. Kd3 Kg4 45. Rxh2 c4+ 46. Kxc4 Bxh2 47. Kc5 Kf4 48. b4 Bg1+ 49. Kc6 Ke4 50. b5 Kd4 51. b6 Kc4 52. Kc7 Bxb6+ 53. Kxb6 Kb4 54. a3+ Kxa3 55. Kc5 Kb3 1/2-1/2

[Event "FICGS rapid M 000101 email"]
[Site "FICGS email"]
[Date "2019.02.09"]
[Round "1"]
[White "Duttagupta, Aniruddha"]
[Black "Kasznia, Ireneusz"]
[Result "1/2-1/2"]
[WhiteElo "2112"]
[BlackElo "2126"]
[PlyCount "37"]
[EventDate "2019.??.??"]
[EventType "tourn (rapid)"]
[EventRounds "6"]
[SourceTitle "Corr 2022"]
[Source "ChessBase"]
[SourceDate "2021.10.24"]
[SourceVersion "1"]
[SourceVersionDate "2021.10.24"]
[SourceQuality "1"]

1. d4 Nf6 2. Bg5 d5 3. e3 c5 4. Bxf6 exf6 5. Nc3 Nc6 6. dxc5 Be6 7. Bb5 Bxc5 8. Nge2 0-0 9. 0-0 Bd6 10. Ba4 Be5 11. Rb1 a6 12. Bb3 d4 13. Nxd4 Nxd4 14. exd4 Qxd4 15. Qxd4 Bxd4 16. Ne2 Be5 17. c3 Rfd8 18. Rbd1 g6 19. g3 1/2-1/2

[Event "FICGS W-ch st1 g02 email"]
[Site "FICGS email"]
[Date "2018.11.01"]
[Round "1"]
[White "Kasznia, Ireneusz"]
[Black "Gabriel, Luan"]
[Result "1-0"]
[WhiteElo "2094"]
[BlackElo "1700"]
[PlyCount "71"]
[EventDate "2018.??.??"]
[EventType "tourn (corr)"]
[EventRounds "8"]
[SourceTitle "Corr 2022"]
[Source "ChessBase"]
[SourceDate "2021.10.24"]
[SourceVersion "1"]
[SourceVersionDate "2021.10.24"]
[SourceQuality "1"]

1. Nf3 Nf6 2. g3 g6 3. Bg2 Bg7 4. c4 0-0 5. d4 d6 6. Nc3 Nc6 7. 0-0 a6 8. e4 Bg4 9. h3 Bxf3 10. Bxf3 Nd7 11. Be3 e5 12. d5 Nd4 13. Bg2 c5 14. dxc6 bxc6 15. f4 Qa5 16. f5 Qb4 17. Rb1 Qxc4 18. Rc1 Qb4 19. Rf2 Rae8 20. b3 gxf5 21. exf5 d5 22. g4 Qd6 23. h4 Nb5 24. Nxb5 axb5 25. g5 e4 26. f6 Bh8 27. Bf4 Qe6 28. Rc3 c5 29. Bh3 Qc6 30. Qh5 Ne5 31. Qh6 b4 32. Bf5 Ng6 33. h5 bxc3 34. Rh2 Qb7 35. hxg6 fxg6 36. Bxg6 1-0

[Event "FICGS rapid A 000224 email"]
[Site "FICGS email"]
[Date "2018.09.27"]
[Round "1"]
[White "Kasznia, Ireneusz"]
[Black "Sternik, Ryszard"]
[Result "1-0"]
[WhiteElo "2051"]
[BlackElo "2060"]
[PlyCount "59"]
[EventDate "2018.??.??"]
[EventType "tourn (rapid)"]
[EventRounds "6"]
[SourceTitle "Corr 2022"]
[Source "ChessBase"]
[SourceDate "2021.10.24"]
[SourceVersion "1"]
[SourceVersionDate "2021.10.24"]
[SourceQuality "1"]

1. Nf3 Nf6 2. g3 d5 3. Bg2 c6 4. 0-0 Bf5 5. d3 e6 6. Nbd2 Be7 7. b3 0-0 8. Bb2 h6 9. Re1 Nbd7 10. e4 Bg6 11. e5 Ne8 12. Nd4 Nc7 13. Ne2 Bh5 14. Qc1 g5 15. f4 Ne8 16. h3 Bxe2 17. Rxe2 gxf4 18. Nf3 fxg3 19. Qxh6 Ng7 20. h4 Nf5 21. Qf4 Nxh4 22. Qxg3+ Ng6 23. Rf1 Kg7 24. Bh3 Qb6+ 25. Ref2 Rg8 26. Ng5 Bxg5 27. Qxg5 Raf8 28. Kg2 Qc5 29. c4 d4 30. Bxe6 1-0

[Event "IECC CL1-2018.02 email"]
[Site "IECC email"]
[Date "2018.07.04"]
[Round "?"]
[White "Polo, Paul Caresse"]
[Black "Kasznia, Ireneusz"]
[Result "1/2-1/2"]
[WhiteElo "2020"]
[BlackElo "2083"]
[PlyCount "61"]
[EventDate "2018.??.??"]
[EventType "tourn (corr)"]
[EventRounds "4"]
[SourceTitle "Corr 2020"]
[Source "ChessBase"]
[SourceDate "2019.09.30"]
[SourceVersion "1"]
[SourceVersionDate "2019.09.30"]
[SourceQuality "1"]
[WhiteTeam "France"]
[BlackTeam "Poland"]
[WhiteTeamCountry "FRA"]
[BlackTeamCountry "POL"]

1. Nf3 d5 2. e3 Nf6 3. c4 e6 4. b3 b6 5. Bb2 Bb7 6. Nc3 Be7 7. cxd5 exd5 8. d4 Bd6 9. Bd3 Nbd7 10. 0-0 a6 11. Rc1 0-0 12. Ne2 Qe7 13. Qc2 Rac8 14. Ng3 g6 15. Qe2 Rfe8 16. Rc2 Ra8 17. Rfc1 c6 18. a4 a5 19. Nd2 Qe6 20. Qf3 Rad8 21. h4 Bb8 22. h5 Qe7 23. hxg6 hxg6 24. Re1 Qf8 25. Ndf1 Nh7 26. Rec1 Ndf6 27. Rxc6 Bxc6 28. Rxc6 Bd6 29. Rxb6 Rb8 30. Rxb8 Rxb8 31. Qd1 1/2-1/2

[Event "FICGS rapid A 000217 email"]
[Site "FICGS email"]
[Date "2018.05.12"]
[Round "1"]
[White "Kasznia, Ireneusz"]
[Black "De la Foret, Fred"]
[Result "0-1"]
[WhiteElo "1988"]
[BlackElo "1923"]
[PlyCount "44"]
[EventDate "2018.??.??"]
[EventType "tourn (rapid)"]
[EventRounds "6"]
[SourceTitle "Corr 2022"]
[Source "ChessBase"]
[SourceDate "2021.10.24"]
[SourceVersion "1"]
[SourceVersionDate "2021.10.24"]
[SourceQuality "1"]

1. Nf3 Nf6 2. g3 d5 3. Bg2 c6 4. 0-0 Bg4 5. d3 Nbd7 6. Nbd2 e5 7. h3 Bh5 8. e4 Bd6 9. exd5 cxd5 10. c4 d4 11. c5 Bxc5 12. Nc4 0-0 13. g4 e4 14. gxh5 b5 15. Ncd2 exf3 16. Qxf3 Rc8 17. h6 g6 18. Nb3 Ne5 19. Qe2 Re8 20. Bg5 Qd6 21. Rfc1 Ned7 22. Rc2 Rxe2 0-1

[Event "FICGS rapid A 000217 email"]
[Site "FICGS email"]
[Date "2018.05.12"]
[Round "1"]
[White "Van Dijk, Erik"]
[Black "Kasznia, Ireneusz"]
[Result "1-0"]
[WhiteElo "2019"]
[BlackElo "1988"]
[PlyCount "73"]
[EventDate "2018.??.??"]
[EventType "tourn (rapid)"]
[EventRounds "6"]
[SourceTitle "Corr 2022"]
[Source "ChessBase"]
[SourceDate "2021.10.24"]
[SourceVersion "1"]
[SourceVersionDate "2021.10.24"]
[SourceQuality "1"]

1. d4 Nf6 2. c4 g6 3. Nc3 Bg7 4. e4 d6 5. f3 0-0 6. Be3 a6 7. Qd2 c6 8. 0-0-0 b5 9. h4 Qa5 10. Kb1 b4 11. Nce2 h5 12. Bh6 c5 13. d5 Nbd7 14. g4 Kh7 15. Bxg7 Kxg7 16. gxh5 Nxh5 17. Nf4 Nxf4 18. Qxf4 Rh8 19. h5 Nf6 20. h6+ Kf8 21. Nh3 Bxh3 22. Bxh3 b3 23. a3 Qa4 24. Rc1 Rh7 25. Qe3 Nd7 26. f4 Nb6 27. Bf1 Ke8 28. f5 Nd7 29. Qg3 Ne5 30. fxg6 fxg6 31. Rh5 Kd7 32. Rxe5 dxe5 33. Bh3+ Kc7 34. Qg1 Kb7 35. Qxc5 Rd8 36. Be6 a5 37. Qe3 1-0

[Event "FICGS class C 000260 email"]
[Site "FICGS email"]
[Date "2017.09.24"]
[Round "1"]
[White "Kasznia, Ireneusz"]
[Black "Pandey, Manoj"]
[Result "0-1"]
[WhiteElo "1938"]
[BlackElo "2000"]
[PlyCount "86"]
[EventDate "2017.??.??"]
[EventType "tourn (corr)"]
[EventRounds "1"]
[SourceTitle "Corr 2022"]
[Source "ChessBase"]
[SourceDate "2021.10.24"]
[SourceVersion "1"]
[SourceVersionDate "2021.10.24"]
[SourceQuality "1"]

1. Nf3 Nf6 2. c4 b6 3. d4 e6 4. Nc3 Bb7 5. Bf4 Bb4 6. e3 Ne4 7. Qc2 f5 8. Bd3 0-0 9. 0-0 Bxc3 10. bxc3 d6 11. Nd2 Nxd2 12. Qxd2 Qf6 13. f3 e5 14. Bg3 Nd7 15. Rae1 a5 16. Qd1 h6 17. Bf2 Kh7 18. Qc2 Qe6 19. e4 f4 20. Rb1 Ba6 21. Qa4 g5 22. h3 h5 23. Be2 Rf7 24. Kh2 Nf6 25. Qc6 Rb8 26. dxe5 Qxe5 27. Bd4 Qe8 28. Qxe8 Rxe8 29. h4 g4 30. Kg1 g3 31. Rfd1 Nd7 32. Kf1 Kg6 33. Bd3 Re6 34. a4 Rf8 35. Be2 c5 36. Bg1 Bb7 37. e5 Bc6 38. exd6 Bxa4 39. Rd2 Bc6 40. Bd1 Rff6 41. Bc2+ Kg7 42. Rbd1 Kf7 43. Bh7 Ba4 0-1